000 nam a22 a 4500
999 _c2403
_d2403
003 BLK
005 20210209104748.0
008 180412b bul|||||r ||||||| ||bul||
010 _aKNG00003391000
020 _a954-584-086-2
020 _a954-584-087-0
040 _aBLK
041 _aBUL
_cBUL
080 _aФизиология
_b612
_x:087.5(031)
_z612:087.5(031)
139 _aНевидимият свят
_bН 39
245 1 0 _aНевидимият свят
_bЕнциклопедия за деца : Т. 1 -
_cавт. на том Мерсе Парамон.
_nТ. 1
_pЧудото на живота
257 _aSPA
260 _c1994
_fВ. Търново : Абагар
_9210247
_aСофия
_bАбагар Холдинг
_dСтаро име - Абагар Паблишинг, ново име - Мария Арабаджиева
_n954-8004- ; 954-584-
300 _c28 см
380 _a61
500 _aОриг. загл. Mundo invisible
650 4 _aФизиология - на човека - енциклопедии и справочници
_9245768
650 4 _aЕнциклопедии, детски
_9154962
653 _aфизиология
653 _aчовек
653 _aенциклопедии
700 1 _aПарамон, Мерсе
_eавт. на том
_9106688
760 1 _dАбагар Холдинг, 1994
_h32 с. : с цв. ил.
_nОриг. загл. La marvilla de la vida / Merce Parramon
_tТ. 1 Чудото на живота
852 _aЦб ІІ 15229
_bЦб
856 4 _qpdf
_u
856 4 _qpdf
_u
942 _cKNG
_n0
_01
_s1
944 _aCR
_c15.01.2003
_kГеновева_Генчева
944 _aED
_c16.05.2008
999 _d2403